Watch your figures drawings by V.B. Halbe

Bibliographic Details
Main Author: Parkinson, C. Northcote
Other Authors: Rustomji, M. K., Halbe, V. B.
Format: Book
Published: Singapore : Federal Publication , 1983
Subjects:

MARC

LEADER 00000cam a2200000 7i4500
001 0000005356
005 20021120.0
040 |a INS 
090 0 0 |a HF5686.C8   |b P37 1983 
100 1 |a Parkinson, C. Northcote 
245 1 0 |a Watch your figures   |c C. Northcote Parkinson and M.K. Rustomji :   |b drawings by V.B. Halbe 
260 |a Singapore :   |b Federal Publication ,   |c 1983 
300 |a v, 142p :   |b ill ;   |c 18.88 cm. 
650 0 0 |a Management   |x Study and teaching 
700 0 |a Rustomji, M. K. 
700 1 |a Halbe, V. B. 
999 |a 0000000109   |b BOOK   |c Open Shelf   |e Default branch